000 00563nam a2200193 i 4500
001 39943
003 ES-MaACL
005 20230906160116.0
007 t|
008 030304s1965 sp ||||1| spa d
100 1 _aCarro Celada, José Antonio.
_935827
245 1 0 _aSanta María de Lope de Vega /
_cJosé Antonio Carro Celada.
260 _aBarcelona :
_bJuan Flors,
_c1965.
300 _aXII, 209 p., 1 lám. ;
_c19 cm.
490 1 _aRemanso ;
_v25
830 0 _aRemanso ;
_v25
_9181827
852 _aES-MaACL
_jC-27503
_bR.56233
999 _c39943
_d39943